[Event "Tuapse op"]
[Site "Tuapse"]
[Date "2021.06.28"]
[Round "2"]
[White "Gashev, Matvei"]
[Black "Demidov, Mikhail"]
[Result "0-1"]
[WhiteElo "2031"]
[BlackElo "2523"]
[PlyCount "78"]
[EventDate "2021.06.27"]
[EventType "swiss"]
[EventRounds "9"]
[EventCountry "RUS"]
[SourceTitle "CBM 203 Extra"]
[Source "ChessBase"]
[SourceDate "2021.09.30"]
[SourceVersion "1"]
[SourceVersionDate "2021.09.30"]
[SourceQuality "1"]

1. d4 d5 2. Nf3 Nf6 3. g3 Bf5 4. Bg2 c6 5. c4 e6 6. Qb3 Qb6 7. c5 Qa6 8. 0-0 Nbd7 9. Nc3 b6 10. cxb6 axb6 11. Nh4 Bg6 12. Nxg6 hxg6 13. e4 dxe4 14. Nxe4 Nd5 15. Bg5 Be7 16. Bxe7 Kxe7 17. a4 Qa5 18. Rfc1 Rhc8 19. Rc4 Kf8 20. Qa3+ Kg8 21. Qd6 b5 22. Rxc6 Rd8 23. b3 Nb8 24. Rc5 Rxd6 25. Nxd6 Nd7 26. Rxb5 Qa6 27. Rxd5 exd5 28. Bxd5 Rf8 29. Nb5 Nb6 30. Bf3 Qa5 31. Rd1 Qb4 32. Rd3 Rc8 33. Re3 Qd2 34. Kg2 Rc2 35. Re2 Qxe2 36. Bxe2 Rxe2 37. a5 Nd5 38. Na7 Re7 39. Nc6 Rc7 0-1

[Event "Sochi Lobanov Memorial Blitz"]
[Site "Sochi"]
[Date "2021.06.26"]
[Round "6"]
[White "Gashev, Matvei"]
[Black "Nazaretyan, Tigran"]
[Result "1-0"]
[WhiteElo "2031"]
[BlackElo "2316"]
[PlyCount "54"]
[EventDate "2021.06.26"]
[EventType "swiss (blitz)"]
[EventRounds "13"]
[EventCountry "RUS"]
[SourceTitle "CBM 203 Extra"]
[Source "ChessBase"]
[SourceDate "2021.09.30"]
[SourceVersion "1"]
[SourceVersionDate "2021.09.30"]
[SourceQuality "1"]

1. c4 Nf6 2. d4 c5 3. d5 b5 4. cxb5 a6 5. e3 axb5 6. Bxb5 Qa5+ 7. Nc3 Bb7 8. Bd2 Qb6 9. Nf3 Nxd5 10. a4 e6 11. e4 Nc7 12. a5 Qa7 13. Bf4 Bc6 14. Bxc6 Nxc6 15. Ne5 Nd4 16. 0-0 Be7 17. Qg4 g6 18. Nc4 Na6 19. Bd6 Qb7 20. e5 Nb4 21. Bxe7 Kxe7 22. Qg5+ Kf8 23. Qf6 Ne2+ 24. Nxe2 Qd5 25. Qxh8+ Ke7 26. Qf6+ Kf8 27. Nd6 Qxd6 1-0

[Event "Sochi Lobanov Memorial"]
[Site "Sochi"]
[Date "2021.06.22"]
[Round "8"]
[White "Zakhartsov, Vladimir"]
[Black "Gashev, Matvei"]
[Result "1-0"]
[WhiteElo "2506"]
[BlackElo "2031"]
[PlyCount "47"]
[EventDate "2021.06.15"]
[EventType "swiss"]
[EventRounds "9"]
[EventCountry "RUS"]
[SourceTitle "CBM 203 Extra"]
[Source "ChessBase"]
[SourceDate "2021.09.30"]
[SourceVersion "1"]
[SourceVersionDate "2021.09.30"]
[SourceQuality "1"]

1. d4 Nf6 2. c4 c5 3. d5 e6 4. Nc3 exd5 5. cxd5 d6 6. e4 g6 7. f4 Bg7 8. Bb5+ Nfd7 9. a4 0-0 10. Nf3 Na6 11. 0-0 Nb4 12. Re1 a6 13. Bf1 Re8 14. h3 b6 15. Bc4 Bb7 16. Bd2 Rb8 17. Qb3 Ba8 18. Rf1 b5 19. axb5 axb5 20. Bxb5 f5 21. e5 Rxb5 22. Nxb5 dxe5 23. Bxb4 Qb6 24. Ba5 1-0